| 000 | 00336nam a22001457a 4500 | ||
|---|---|---|---|
| 003 | SGT | ||
| 082 |
_a362 _bA06G |
||
| 100 | _aGANDHI,M.K | ||
| 245 | _aA THOUGHT FOR THE DAY | ||
| 250 | _a6TH | ||
| 260 |
_aNEW DELHI _bMINISTRY OF INFORMATION AND BROADCASTING _c2006 |
||
| 300 | _a344 | ||
| 650 | _aMASS COMMUNICATION | ||
| 942 |
_2ddc _cBK |
||
| 999 |
_c12975 _d12975 |
||